000 00301nam a22001337a 4500
008 181015b xxu||||| |||| 00| 0 eng d
020 _a9780805348620
041 _aeng
080 _25 ed
_a579
100 _a11
101 _aBIO
245 _aThe World Of The Cell
_cBecker.H
942 _2udc
_cBK
999 _c49802
_d49802